Dni národnej kultúry v Turci v dňoch 12.-21. júna 1992 pri príležitosti 8. Turčianskych slávností folklóru

Bibliographic Details
Corporate Author: Turčianske slávnosti folklóru Martin, Slovensko (Author)
Other Authors: Borcovanová, Jela, 1952- (Compiler, gup), Gruska, Viliam, 1936-2019 (Compiler, gup)
Format: Conference Proceeding Book
Language:Slovak
PhysicalDescription:[32] s. v prebale 21 cm
Published: Martin [etc.] RKS [etc.] [1992]
Subjects:

MARC

LEADER 00000nam a2200000 a 4500
001 vtls001397663
003 SK-MaSNL
005 20260301161759.0
008 180126s1992 xo a r 0 slo
020 |c b.c. 
035 |a SNK000352079 
040 |a SNK  |b slo  |c SNK  |e AACR2 
044 |a xo  |c SK 
080 |a 784.4.091.4(437.652-31)"1992"  |2 2. slo 
111 2 |a Turčianske slávnosti folklóru  |n (8. :  |d 1992 :  |c Martin, Slovensko)  |4 aut  |9 164577 
245 1 |a Dni národnej kultúry v Turci v dňoch 12.-21. júna 1992 pri príležitosti 8. Turčianskych slávností folklóru  |c zostavenie a grafická úprava: Jelka Borcovanová, Viliam Gruska 
260 |a Martin [etc.]  |b RKS [etc.]  |c [1992] 
300 |a [32] s. v prebale  |c 21 cm 
500 |a Obalový názov 
611 1 7 |a Turčianske slávnosti folklóru  |n 8.  |d 1992  |c Turiec (Slovensko:oblasť)  |x programy  |2 SNK  |9 525301 
611 2 7 |a Turčianske slávnosti folklóru  |n (8. :  |d 1992 :  |c Martin, Slovensko)  |2 SNK  |9 164577 
700 1 |a Borcovanová, Jela,  |d 1952-  |4 com  |4 gup  |9 42987 
700 1 |a Gruska, Viliam,  |d 1936-2019  |4 com  |4 gup  |9 191840 
999 |c 810772  |d 812702 
952 |t P60, <03>, [BOOK], {603}  |a SNK  |b SNK  |y PREZ  |7 0  |p 17A0253556  |o snkOSC 20892  |i snkD 765/2000  |0 0  |1 0  |4 0  |d 2000-10-09  |l 0  |r 2005-01-02 00:00:00  |w 2026-02-24